[Event "21e tournoi 1hKO"]
[Site "Montigny le Bretonneux"]
[Date "2017.05.28"]
[Round "8.11"]
[White "Colette, Thierry"]
[Black "Trevisiol, Antoine"]
[Result "0-1"]
[WhiteElo "1371"]
[BlackElo "1194"]
[Annotator "Rivier,Sylvain"]
[PlyCount "98"]
[EventDate "2017.??.??"]
[WhiteTeam "La Dame Noire"]
[BlackTeam "Maubuee-Gondoire Echecs"]

{Défense française, variante Winaver} 1. e4 e6 2. d4 d5 3. Nc3 Bb4 4. Bd3 c5
5. Bb5+ Bd7 6. Bxd7+ Qxd7 7. exd5 Qxd5 8. Nge2 Bxc3+ 9. Nxc3 Qxg2 10. Rf1 Nc6
11. Be3 Rd8 12. Ne2 cxd4 13. Bxd4 Nxd4 14. Nxd4 Qe4+ 15. Qe2 Qxd4 16. Rd1 Qxd1+
17. Qxd1 Rxd1+ 18. Kxd1 Nf6 19. Kd2 Ke7 20. Kc3 Rd8 21. Rg1 Nd5+ 22. Kb3 Kf6
23. Rd1 b5 24. a3 a5 25. c3 Ke5 26. Kc2 Kf4 27. b3 Rc8 28. Rd4+ Kf3 29. c4 bxc4
30. Rxc4 Nb6 31. Rxc8 Nxc8 32. Kc3 Kxf2 33. b4 axb4+ 34. axb4 e5 35. Kd3 Nd6
36. b5 Nxb5 37. Ke4 f6 38. h4 g6 39. Kd5 Nc3+ 40. Ke6 e4 41. Kxf6 e3 42. Kg7 e2
43. Kxh7 e1=Q 44. Kxg6 Qg1+ 45. Kh6 Ne4 46. Kh7 Qg3 47. h5 Nf6+ 48. Kh6 Ne8 49.
Kh7 Qg7# 0-1

[Event "21e tournoi 1hKO"]
[Site "Montigny le Bretonneux"]
[Date "2017.05.28"]
[Round "8.12"]
[White "Bouloc, Roger"]
[Black "Payot, Guillaume"]
[Result "0-1"]
[WhiteElo "1446"]
[BlackElo "1273"]
[Annotator "Rivier,Sylvain"]
[PlyCount "76"]
[EventDate "2017.??.??"]
[WhiteTeam "La Dame Noire"]
[BlackTeam "La Dame Noire"]

{Défense française, variante Tarrasch} 1. e4 e6 2. d4 d5 3. Nd2 Nc6 4. c3 e5
5. exd5 Qxd5 6. Bc4 Qxg2 7. Qf3 Qxf3 8. Ngxf3 Bd6 9. Rg1 g6 10. Ng5 h6 11. Nxf7
Rh7 12. Nxd6+ cxd6 13. dxe5 Re7 14. Nf3 Nxe5 15. Nxe5 Rxe5+ 16. Be3 Ne7 17.
O-O-O d5 18. Bb5+ Bd7 19. Bxd7+ Kxd7 20. Bxh6 Rh5 21. Bf4 Rf8 22. Bg3 Kc6 23.
Rde1 Nc8 24. Re6+ Kb5 25. Rxg6 Nb6 26. Rg7 Ka6 27. Rg6 Rc8 28. Kd2 Kb5 29. b3
Rc6 30. Rg7 Ka6 31. a4 Nc8 32. b4 Rc4 33. Re1 Rh6 34. Bc7 b6 35. Rg8 Rxc7 36.
Rge8 Nd6 37. b5+ Ka5 38. R8e5 Nc4+ 0-1

[Event "21e tournoi 1hKO"]
[Site "Montigny le Bretonneux"]
[Date "2017.05.28"]
[Round "8.13"]
[White "Sondermeijer, Antoine"]
[Black "Marchal, Madeleine"]
[Result "1-0"]
[WhiteElo "1399"]
[BlackElo "1070"]
[Annotator "Rivier,Sylvain"]
[PlyCount "53"]
[EventDate "2017.??.??"]
[WhiteTeam "La Dame Noire"]
[BlackTeam "Club d'Echecs du Vesinet"]

{Ouverture irrégulière} 1. c4 e5 2. g3 d5 3. Bg2 dxc4 4. Qa4+ Nc6 5. Qxc4 Bd7
6. Nf3 Bb4 7. Nxe5 Nxe5 8. Qxb4 Nf6 9. Qxb7 Rb8 10. Qxa7 O-O 11. O-O Bb5 12. d3
h6 13. Bf4 Qd4 14. Qxd4 Rbd8 15. Qxe5 Rd6 16. Qxb5 Rd4 17. Be5 Rdd8 18. Bxf6
gxf6 19. b3 Kh8 20. Qf5 Rg8 21. Qxf6+ Rg7 22. Qxd8+ Rg8 23. Qxc7 Rg7 24. Qd8+
Rg8 25. Qf6+ Rg7 26. Qxh6+ Rh7 27. Qf8# 1-0

[Event "21e tournoi 1hKO"]
[Site "Montigny le Bretonneux"]
[Date "2017.05.28"]
[Round "8.14"]
[White "Vo, Bao Nam"]
[Black "Zareli, Youssef"]
[Result "0-1"]
[WhiteElo "1110"]
[BlackElo "1009"]
[Annotator "Rivier,Sylvain"]
[PlyCount "40"]
[EventDate "2017.??.??"]
[WhiteTeam "La Dame Noire"]
[BlackTeam "La Dame Noire"]

{Défense des deux cavaliers} 1. e4 e5 2. Nf3 d6 3. Nc3 Nf6 4. Bc4 Nc6 5. O-O
Bg4 6. d3 Nd4 7. h3 Bh5 8. Nd5 Rc8 9. c3 Nxf3+ 10. gxf3 Nxd5 11. Bxd5 c6 12.
Bc4 Qh4 13. d4 Qxh3 14. Be2 d5 15. exd5 cxd5 16. Bb5+ Kd8 17. dxe5 Bxf3 18.
Qxd5+ Bxd5 19. Bg5+ f6 20. exf6 Qg2# 0-1

[Event "21e tournoi 1hKO"]
[Site "Montigny le Bretonneux"]
[Date "2017.05.28"]
[Round "9.1"]
[White "Tornare, Michel"]
[Black "Artieres, Michel"]
[Result "1/2-1/2"]
[WhiteElo "1835"]
[BlackElo "1753"]
[Annotator "Rivier,Sylvain"]
[PlyCount "61"]
[EventDate "2017.??.??"]
[WhiteTeam "C.S.M. Puteaux Echecs"]
[BlackTeam "La Dame Noire"]

{Défense vieille indienne, variante ukrainienne} 1. Nf3 Nf6 2. d4 d6 3. c4
Nbd7 4. Nc3 e5 5. Bg5 Be7 6. e3 O-O 7. Be2 c6 8. dxe5 dxe5 9. O-O Qc7 10. Qc2
Nc5 11. b4 Ne6 12. Bxf6 Bxf6 13. Nd2 b6 14. Rfd1 Be7 15. a3 f5 16. Nb3 Ng5 17.
c5 Be6 18. cxb6 axb6 19. Nd5 Bxd5 20. Rxd5 Qb7 21. Rd2 Qc7 22. Rad1 Rad8 23.
Bb5 Rxd2 24. Rxd2 Qa7 25. Qxc6 Qxa3 26. Bc4+ Kh8 27. Qxb6 Ne4 28. Rd1 Qb2 29.
Rf1 Qc3 30. Rc1 Qb2 31. Rf1 1/2-1/2

[Event "21e tournoi 1hKO"]
[Site "Montigny le Bretonneux"]
[Date "2017.05.28"]
[Round "9.2"]
[White "Benbakir, Chouaib"]
[Black "Forissier, Nicolas"]
[Result "0-1"]
[WhiteElo "1809"]
[BlackElo "1985"]
[Annotator "Rivier,Sylvain"]
[PlyCount "48"]
[EventDate "2017.??.??"]
[WhiteTeam "La Dame Noire"]
[BlackTeam "La Dame Noire"]

{Partie italienne, guiocco piano} 1. e4 e5 2. Nf3 Nc6 3. Bc4 Bc5 4. c3 Nf6 5.
d4 exd4 6. cxd4 Bb4+ 7. Bd2 Bxd2+ 8. Nbxd2 Nxe4 9. Nxe4 d5 10. Bxd5 Qxd5 11.
Nc3 Qc4 12. Qe2+ Qxe2+ 13. Nxe2 O-O 14. h3 Re8 15. Kd2 Be6 16. Nf4 Rad8 17. Kc3
Ne7 18. Nxe6 Nd5+ 19. Kc4 Rxe6 20. Rae1 Rc6+ 21. Kb3 Rb6+ 22. Ka3 Kf8 23. Re4
Nb4 24. Rhe1 Nc2+ 0-1

[Event "21e tournoi 1hKO"]
[Site "Montigny le Bretonneux"]
[Date "2017.05.28"]
[Round "9.3"]
[White "Talvard, Gerard"]
[Black "Hogrel, Nicolas"]
[Result "1/2-1/2"]
[WhiteElo "2002"]
[BlackElo "2008"]
[Annotator "Rivier,Sylvain"]
[PlyCount "66"]
[EventDate "2017.??.??"]
[WhiteTeam "Echiquier Grenoblois"]
[BlackTeam "La Dame Noire"]

{Début Reti} 1. Nf3 c5 2. g3 Nc6 3. d4 cxd4 4. Nxd4 e5 5. Nxc6 dxc6 6. Qxd8+
Kxd8 7. f4 Bd6 8. Bg2 exf4 9. Bxf4 Bxf4 10. gxf4 Nf6 11. Nc3 Bf5 12. O-O-O+ Kc7
13. e4 Bg6 14. Rd2 Rhe8 15. e5 Ng4 16. Bf3 Nh6 17. Rhd1 Rad8 18. Rxd8 Rxd8 19.
Rxd8 Kxd8 20. Be4 Nf5 21. Kd2 Ke7 22. Bd3 f6 23. exf6+ Kxf6 24. Ne4+ Ke7 25. a4
b6 26. b4 Nd4 27. Ke3 Nf5+ 28. Kd2 Nd4 29. Ng5 Bxd3 30. Kxd3 Ne6 31. Nxe6 Kxe6
32. Ke4 a6 33. c4 g6 {suite illisible} 1/2-1/2

[Event "21e tournoi 1hKO"]
[Site "Montigny le Bretonneux"]
[Date "2017.05.28"]
[Round "9.4"]
[White "Privat, Jean-Claude"]
[Black "Couradin, Bruno"]
[Result "1/2-1/2"]
[WhiteElo "1633"]
[BlackElo "1550"]
[Annotator "Rivier,Sylvain"]
[PlyCount "45"]
[EventDate "2017.??.??"]
[WhiteTeam "La Dame Noire"]
[BlackTeam "La Dame Noire"]

{Gambit dame} 1. d4 d5 2. c4 e6 3. Nc3 Nf6 4. Bg5 Be7 5. e3 h6 6. Bh4 Bd7 7.
Bxf6 Bxf6 8. cxd5 e5 9. Nf3 Bg4 10. Bb5+ c6 11. dxc6 bxc6 12. Be2 Bxf3 13. Bxf3
exd4 14. exd4 Bxd4 15. Qe2+ Qe7 16. Qxe7+ Kxe7 17. O-O-O Rd8 18. Nb5 Bb6 19.
Rhe1+ Kf8 20. Rxd8+ Bxd8 21. Nd6 Be7 22. Nf5 Bf6 23. Nd6 1/2-1/2

[Event "21e tournoi 1hKO"]
[Site "Montigny le Bretonneux"]
[Date "2017.05.28"]
[Round "9.5"]
[White "Branson, James"]
[Black "Sondermeijer, Damien"]
[Result "1-0"]
[WhiteElo "1564"]
[BlackElo "1297"]
[Annotator "Rivier,Sylvain"]
[PlyCount "147"]
[EventDate "2017.??.??"]
[WhiteTeam "La Dame Noire"]
[BlackTeam "La Dame Noire"]

{Défense française, variante Tarrasch ouverte} 1. e4 e6 2. d4 d5 3. Nd2 c5 4.
Ngf3 Nc6 5. exd5 Qxd5 6. Bc4 Qd8 7. Nb3 cxd4 8. O-O Nf6 9. Nbxd4 Nxd4 10. Nxd4
Bc5 11. c3 O-O 12. Bg5 Bxd4 13. cxd4 Qe7 14. Qf3 e5 15. d5 Qd6 16. Bxf6 Qxf6
17. Qxf6 gxf6 18. Rad1 Rd8 19. f4 e4 20. f5 b6 21. Rf4 Re8 22. Re1 e3 23. g4
Bb7 24. Rd4 Rad8 25. Kf1 Re5 26. d6 Bc6 27. Ke2 Rd7 28. Kd3 Re8 29. Rxe3 Red8
30. Kc3 Rxd6 31. Rxd6 Rxd6 32. Re7 Rd7 33. Bxf7+ Kg7 34. Rxd7 Bxd7 35. Bd5 Kh6
36. h4 Bb5 37. Bf3 Kg7 38. Kd4 Kf7 39. g5 a6 40. Kd5 fxg5 41. hxg5 Bd3 42. Ke5
Kg7 43. Bd5 h6 44. gxh6+ Kxh6 45. Ke6 Kg7 46. f6+ Kf8 47. b4 a5 48. a3 axb4 49.
axb4 b5 50. Kd6 Be2 51. Kc5 Bd3 52. Bc6 Kf7 53. Bxb5 Be4 54. Bc6 Bd3 55. Bb5
Be4 56. Bc4+ Kxf6 57. Kd6 Bb7 58. b5 Be4 59. b6 Bb7 60. Bd5 Ba6 61. Kc7 Ke7 62.
Bc6 Ke6 63. Bb5 Bb7 64. Kxb7 Kd6 65. Kc8 Kc5 66. b7 Kxb5 67. b8=Q+ Kc6 68. Qe5
Kb6 69. Qc3 Kb5 70. Kc7 Ka4 71. Qb2 Ka5 72. Kc6 Ka6 73. Kc5 Ka5 74. Qa3# 1-0

[Event "21e tournoi 1hKO"]
[Site "Montigny le Bretonneux"]
[Date "2017.05.28"]
[Round "9.6"]
[White "Rivier, Sylvain"]
[Black "Delpech, Olivier"]
[Result "1/2-1/2"]
[WhiteElo "1532"]
[BlackElo "1660"]
[Annotator "Rivier,Sylvain"]
[PlyCount "40"]
[EventDate "2017.??.??"]
[WhiteTeam "La Dame Noire"]
[BlackTeam "La Dame Noire"]

{Défense sicilienne, variante Taïmanov} 1. e4 c5 2. Nf3 Nc6 3. d4 cxd4 4.
Nxd4 e6 5. Be2 Nf6 6. Nc3 Be7 7. Be3 O-O 8. O-O Ne5 9. h3 d5 10. exd5 Nxd5 11.
Nxd5 Qxd5 12. Nf3 Qa5 13. Nxe5 Qxe5 14. Qd4 Qc7 15. Qc4 Qxc4 16. Bxc4 Bf6 17.
c3 Bd7 18. Rad1 Bc6 19. Rd3 a6 20. Rfd1 Rad8 1/2-1/2

[Event "21e tournoi 1hKO"]
[Site "Montigny le Bretonneux"]
[Date "2017.05.28"]
[Round "9.7"]
[White "Charron, Thomas"]
[Black "Trevisiol, Thierry"]
[Result "1-0"]
[WhiteElo "1550"]
[BlackElo "1611"]
[Annotator "Rivier,Sylvain"]
[PlyCount "21"]
[EventDate "2017.??.??"]
[WhiteTeam "Club d'Echecs du Vesinet"]
[BlackTeam "Maubuee-Gondoire Echecs"]

{Défense française, variante d'échange} 1. e4 e6 2. d4 d5 3. exd5 exd5 4. c4
Nc6 5. Nc3 Bb4 6. Be3 Nf6 7. Nf3 O-O 8. a3 Bxc3+ 9. bxc3 Be6 10. Ng5 Ne4 11.
Nxe4 1-0

[Event "21e tournoi 1hKO"]
[Site "Montigny le Bretonneux"]
[Date "2017.05.28"]
[Round "9.8"]
[White "Sagon, Lancelot"]
[Black "Couradin, Jean-Marie"]
[Result "1/2-1/2"]
[WhiteElo "1449"]
[BlackElo "1624"]
[Annotator "Rivier,Sylvain"]
[PlyCount "58"]
[EventDate "2017.??.??"]
[WhiteTeam "La Dame Noire"]
[BlackTeam "La Dame Noire"]

{Défense sicilienne} 1. e4 c5 2. Nf3 Nc6 3. d4 cxd4 4. Nxd4 a6 5. Nc3 e6 6. g3
g6 7. Bg2 Bg7 8. Be3 Nge7 9. O-O O-O 10. f4 d5 11. exd5 Nxd5 12. Nxd5 exd5 13.
Nxc6 bxc6 14. Bd4 Rb8 15. b3 Re8 16. Bxg7 Kxg7 17. Qd4+ Qf6 18. Qxf6+ Kxf6 19.
Rfe1 Bf5 20. c3 Be4 21. Bxe4 dxe4 22. Re3 Re6 23. Rd1 Ke7 24. Rd4 f5 25. Kf2
Rd6 26. Ra4 Rb6 27. Ra5 Rd2+ 28. Re2 Rd3 29. Re3 Rd2+ 1/2-1/2

[Event "21e tournoi 1hKO"]
[Site "Montigny le Bretonneux"]
[Date "2017.05.28"]
[Round "9.9"]
[White "Trevisiol, Antoine"]
[Black "Marchal, Gregory"]
[Result "1-0"]
[WhiteElo "1194"]
[BlackElo "1500"]
[Annotator "Rivier,Sylvain"]
[PlyCount "109"]
[EventDate "2017.??.??"]
[WhiteTeam "Maubuee-Gondoire Echecs"]
[BlackTeam "Club d'Echecs du Vesinet"]

{Défense Nimzo-indienne, variante Spielmann} 1. d4 Nf6 2. c4 e6 3. Nc3 Bb4 4.
Qc2 Bxc3+ 5. Qxc3 d5 6. Bg5 h6 7. Bxf6 Qxf6 8. e3 a6 9. Nf3 Nd7 10. c5 O-O 11.
Bd3 Re8 12. c6 Nb8 13. cxb7 Bxb7 14. Qxc7 Qe7 15. Qxe7 Rxe7 16. Rc1 Nc6 17. a3
f6 18. O-O e5 19. dxe5 fxe5 20. Bb1 Rd8 21. Ba2 Kf8 22. Rfd1 d4 23. exd4 exd4
24. Rd2 Red7 25. Rcd1 a5 26. Kf1 Ba6+ 27. Kg1 Rd6 28. Ne1 Bb5 29. b3 Ke7 30. a4
Ba6 31. Nc2 d3 32. Ne1 Nb4 33. f4 Kf6 34. Kf2 Kf5 35. g3 Ke4 36. Bb1 Rd5 37.
Nf3 Rf8 38. Ne5 Rxe5 39. Re1+ Kd4 40. Rxe5 Kc3 41. Rd1 Kxb3 42. Rxa5 Re8 43.
Re5 Rd8 44. Re3 Kxa4 45. Rd2 Kb3 46. Rf3 Kc3 47. Ke1 Bc4 48. Rff2 Re8+ 49. Kf1
Ra8 50. Bxd3 Bxd3+ 51. Kg2 Be4+ 52. Kh3 Ra5 53. g4 Nd5 54. Ra2 Rb5 55. Ra3+ 1-0

[Event "21e tournoi 1hKO"]
[Site "Montigny le Bretonneux"]
[Date "2017.05.28"]
[Round "9.10"]
[White "Payot, Guillaume"]
[Black "Fasquelle, Cedric"]
[Result "0-1"]
[WhiteElo "1273"]
[BlackElo "1517"]
[Annotator "Rivier,Sylvain"]
[PlyCount "95"]
[EventDate "2017.??.??"]
[WhiteTeam "La Dame Noire"]
[BlackTeam "Saint-Quentin en Yvelines"]

{Défense ouest-indienne} 1. d4 Nf6 2. c4 e6 3. Nc3 Bb4 4. Nf3 b6 5. Bf4 Bb7 6.
e3 Ne4 7. Qc2 Nxc3 8. bxc3 Be7 9. Be2 d6 10. Rd1 Nd7 11. O-O Nf6 12. Nd2 Qd7
13. Bf3 Bxf3 14. Nxf3 Nh5 15. Rfe1 Nxf4 16. exf4 O-O 17. Ng5 Bxg5 18. fxg5 Rfe8
19. Re3 e5 20. Rh3 g6 21. Qe4 Qa4 22. Rf1 exd4 23. Qh4 Qxc4 24. Qxh7+ Kf8 25.
Qh8+ Ke7 26. Qf6+ Kd7 27. cxd4 Qxa2 28. Re3 Rxe3 29. fxe3 Re8 30. Qxf7+ Qxf7
31. Rxf7+ Kc6 32. Kf2 a5 33. Ke2 a4 34. Rf1 a3 35. Ra1 Ra8 36. Kd3 a2 37. Kc3
Kd5 38. Kb3 Ke4 39. h4 Kxe3 40. h5 gxh5 41. Rxa2 Rg8 42. Rc2 Rg7 43. Rc4 Kf2
44. Kb4 Kxg2 45. d5 Kg3 46. Rc1 Kf4 47. Rh1 Kxg5 48. Rg1+ {suite illisible} 0-1

[Event "21e tournoi 1hKO"]
[Site "Montigny le Bretonneux"]
[Date "2017.05.28"]
[Round "9.11"]
[White "Sondermeijer, Antoine"]
[Black "Montay, Jean-Paul"]
[Result "1-0"]
[WhiteElo "1399"]
[BlackElo "1343"]
[Annotator "Rivier,Sylvain"]
[PlyCount "89"]
[EventDate "2017.??.??"]
[WhiteTeam "La Dame Noire"]
[BlackTeam "La Dame Noire"]

{Ouverture anglaise, variante symétrique} 1. c4 c5 2. Nf3 b6 3. g3 Bb7 4. Bg2
Qc7 5. Nc3 Nc6 6. b3 e6 7. O-O a6 8. d4 d6 9. Bf4 Nxd4 10. e3 Nxf3+ 11. Bxf3
Bxf3 12. Qxf3 Rd8 13. Rfd1 e5 14. Nd5 Qb8 15. Bg5 f6 16. Nxf6+ gxf6 17. Bxf6
Nxf6 18. Qxf6 Bg7 19. Qxg7 Rf8 20. Qxh7 Rd7 21. Qg6+ Kd8 22. Rd2 Kc7 23. Rad1
Qd8 24. h4 Rf6 25. Qc2 a5 26. Kg2 Qa8+ 27. e4 d5 28. Rxd5 Rfd6 29. Rxd6 Rxd6
30. Rxd6 Kxd6 31. Qd2+ Kc7 32. Qd5 Qe8 33. g4 Qc8 34. Qxe5+ Kb7 35. Kg3 Qd7 36.
Qd5+ Qc6 37. Qxc6+ Kxc6 38. h5 b5 39. h6 bxc4 40. bxc4 Kb6 41. h7 a4 42. h8=Q
Ka5 43. Qc3+ Kb6 44. Qb2+ Ka5 45. Qb5# 1-0

[Event "21e tournoi 1hKO"]
[Site "Montigny le Bretonneux"]
[Date "2017.05.28"]
[Round "9.12"]
[White "Tanchoux, Pierre"]
[Black "Vo, Bao Nam"]
[Result "1-0"]
[WhiteElo "1274"]
[BlackElo "1110"]
[Annotator "Rivier,Sylvain"]
[PlyCount "115"]
[EventDate "2017.??.??"]
[WhiteTeam "La Dame Noire"]
[BlackTeam "La Dame Noire"]

{Partie italienne, guiocco piano} 1. e4 e5 2. Nf3 Nc6 3. Bc4 Nf6 4. d3 Bc5 5.
h3 O-O 6. O-O h6 7. Re1 d6 8. c3 d5 9. exd5 Nxd5 10. Nxe5 Bxh3 11. gxh3 Qf6 12.
d4 Bb6 13. Bxd5 Nxe5 14. Rxe5 c6 15. Bg2 Rad8 16. Be3 c5 17. Qf3 Qd6 18. Rd5
Qe6 19. Rxd8 Rxd8 20. d5 Qe5 21. Na3 Bc7 22. Nc4 Qh2+ 23. Kf1 b5 24. d6 Bxd6
25. Nxd6 Qxd6 26. Bf4 Qe6 27. b3 c4 28. b4 g5 29. Be3 a6 30. Rd1 Re8 31. Rd4 f5
32. Qd5 f4 33. Qxe6+ Rxe6 34. Bd5 Kf7 35. Bxe6+ Kxe6 36. Bd2 h5 37. f3 h4 38.
Kf2 Ke5 39. Re4+ Kd5 40. Re1 g4 41. fxg4 a5 42. bxa5 Kc5 43. Re5+ Kc6 44. Kf3
Kd6 45. Kxf4 b4 46. cxb4 c3 47. Bxc3 Kc6 48. Re6+ Kb5 49. g5 Kc4 50. Re3 Kb5
51. g6 Kc4 52. g7 Kd5 53. g8=Q+ Kc6 54. Qc4+ Kd6 55. Re6+ Kd7 56. Qc6+ Kd8 57.
Rd6+ Ke7 58. Qd7+ 1-0

[Event "21e tournoi 1hKO"]
[Site "Montigny le Bretonneux"]
[Date "2017.05.28"]
[Round "9.13"]
[White "Zareli, Youssef"]
[Black "Carbonero, Jean Marc"]
[Result "1/2-1/2"]
[WhiteElo "1009"]
[BlackElo "1136"]
[Annotator "Rivier,Sylvain"]
[PlyCount "124"]
[EventDate "2017.??.??"]
[WhiteTeam "La Dame Noire"]
[BlackTeam "Saint-Quentin en Yvelines"]

{Partie écossaise} 1. e4 e5 2. Nf3 Nc6 3. d4 exd4 4. Nxd4 Nxd4 5. Qxd4 d6 6.
Nc3 c5 7. Qa4+ Bd7 8. Bb5 Nf6 9. Bg5 Bxb5 10. Qxb5+ Qd7 11. O-O a6 12. Qc4 Be7
13. Rad1 O-O 14. e5 Qe6 15. Nd5 Qxe5 16. Nxe7+ Qxe7 17. Rde1 Qd8 18. Re3 Re8
19. Rf3 h6 20. Bh4 Re4 21. Qb3 Rxh4 22. Qxb7 Rb4 23. Qc6 Rb6 24. Qa4 Qd7 25.
Qh4 Qg4 26. Qxg4 Nxg4 27. Rb3 Rxb3 28. cxb3 Rb8 29. Rd1 Rd8 30. f3 Nf6 31. a3
d5 32. b4 c4 33. g4 d4 34. Kf1 g5 35. Ke1 h5 36. h3 d3 37. gxh5 Nxh5 38. a4 Nf4
39. b5 d2+ 40. Rxd2 Rxd2 41. Kxd2 axb5 42. axb5 Nd5 43. Kc2 f5 44. b3 cxb3+ 45.
Kxb3 Kf7 46. Kc4 Nc7 47. b6 Na6 48. Kb5 Nb8 49. b7 Ke7 50. Kb6 Kd7 51. Ka7 Kc7
52. Ka8 Nc6 53. b8=Q+ Nxb8 54. Ka7 Nd7 55. Ka6 Kd6 56. Kb5 Nf6 57. Kc4 Ke5 58.
Kd3 Kf4 59. Ke2 Nh5 60. Kf2 g4 61. fxg4 fxg4 62. hxg4 Kxg4 1/2-1/2

[Event "21e tournoi 1hKO"]
[Site "Montigny le Bretonneux"]
[Date "2017.05.28"]
[Round "9.14"]
[White "Marchal, Madeleine"]
[Black "Colette, Thierry"]
[Result "0-1"]
[WhiteElo "1070"]
[BlackElo "1371"]
[Annotator "Rivier,Sylvain"]
[PlyCount "36"]
[EventDate "2017.??.??"]
[WhiteTeam "Club d'Echecs du Vesinet"]
[BlackTeam "La Dame Noire"]

{Partie italienne} 1. e4 e5 2. Nc3 Nc6 3. Nf3 Bc5 4. Bc4 h6 5. d3 d6 6. h3 Nf6
7. O-O g5 8. Nd5 g4 9. hxg4 Bxg4 10. Re1 Nd4 11. c3 Nxf3+ 12. gxf3 Be6 13. d4
Bb6 14. dxe5 Nxd5 15. exd5 Qh4 16. Be3 Qh3 17. dxe6 Rg8+ 18. Bg5 Rxg5# 0-1